| 000 | 00454nam a2200133Ia 4500 | ||
|---|---|---|---|
| 008 | 231129s1995||||xx |||||||||||||| ||spa|| | ||
| 020 | _a958-95799-3-0 | ||
| 082 | _aER- 177 | ||
| 100 | _aColección Literaria del Fondo Mixto de Risaralda Vol. 4 | ||
| 245 | 0 | _aColección Literari del Fondo Mixto de Risaralda Vol. 4 Navegantes de crepúsculos | |
| 260 | _c1995 | ||
| 264 | _aPereira: Papiro 1995 | ||
| 942 |
_2ddc _cBKS |
||
| 999 |
_c7241 _d7241 |
||